Statistics for Eurovision 2021 artists

Click here to take the quiz!

General Stats

  • This quiz has been taken 5 times
  • The average score is 19 of 40

Answer Stats

HintAnswer% Correct
CroatiaAlbina
75%
AzerbaijanEfendi
75%
CyprusElena
75%
SerbiaHurricane
75%
AustraliaMontaigne
75%
San MarinoSenhit
75%
GreeceStefania
75%
BulgariaVICTORIA
75%
SloveniaAna
50%
AlbaniaAnxhela
50%
FranceBarbara
50%
Czech RepublicBenny
50%
SpainBlas
50%
FinlandBlindchannel
50%
MaltaDestiny
50%
IsraelEden
50%
SwitzerlandGjon
50%
UkraineGo A
50%
UKJames
50%
GermanyJendrik
50%
IrelandLesley
50%
MoldovaNatalia
50%
PolandRafal
50%
RomaniaRoxen
50%
PortugalThe Black Mamba
50%
LithuaniaThe Roop
50%
NorwayTIX
50%
SwedenTusse
50%
San MarinoFlorida
25%
DenmarkFyr and Flamme
25%
BelgiumHooverponic
25%
The NetherlandsJeangu
25%
ItalyManeskin
25%
LatviaSamanta
25%
GeorgiaTornike
25%
EstoniaUku
25%
MacedoniaVasil
25%
AustriaVincent
25%
IcelandDavi
0%
RussiaManizja
0%

Score Distribution

Percentile by Number Answered

Percent of People with Each Score

Your Score History

You have not taken this quiz